Films commençant par V par images - Statistiques

Statistiques générales
  • Ce quiz a été pris 699 fois
  • Le résultat moyen est 8 sur 24
Statistiques - réponses
Par images Réponse % Correct
Les Visiteurs
93%
Vice-versa
92%
Le Voyage de Chihiro
78%
La Vie d'Adèle
76%
V pour Vendetta
66%
Mon voisin Totoro
60%
La Vie est belle
58%
La Vague
42%
Vol au-dessus d'un nid de coucou
37%
La Vérité si je mens !
30%
La Vie est un long fleuve tranquille
29%
Vilaine
27%
Valérian et la cité des mille planètes
26%
Volver
23%
Les Valseuses
21%
Vanilla Sky
15%
Vénus Beauté (institut)
13%
La Vie Aquatique
9%
Vicky Cristina Barcelona
8%
Voyage au bout de l'enfer
8%
Le Vieux fusil
7%
Vacances romaines
6%
La Voie de la Justice
4%
La Voleuse de Livres
4%
Aucun quiz correspondant
Distribution des résultats
% des personnes avec chaque résultat
Percentile par nombre de réponses
Votre historique - résultats
Vous n’avez pas pris ce quiz